| 000 | 00420nam a2200157Ia 4500 | ||
|---|---|---|---|
| 008 | 210210b2004 xxu||||| |||| 00| 0 eng d | ||
| 020 | _a81 7648 680 9 | ||
| 082 | _a658.152 JAIW | ||
| 100 | _aJAIN (Narender Kumar). | ||
| 245 | _aWorking capital management. | ||
| 260 |
_aND _bAPH Publishing Corporation _c2004 |
||
| 300 | _axvi,242 | ||
| 650 | _aWorking Capital | ||
| 690 | _aFinancial Management | ||
| 906 | _a059476 | ||
| 999 |
_c106391 _d106391 |
||